| 000 | 00594nam a2200193 4500 | ||
|---|---|---|---|
| 005 | 20250117122740.0 | ||
| 010 | _aENG-143489 | ||
| 020 |
_c525.00 _a9789393662552 |
||
| 035 | _aEN-127021 | ||
| 037 | _bDBAD | ||
| 082 |
_a613.7 _21 |
||
| 100 |
_aMULLICK, PARIKSHIT _976710 |
||
| 245 |
_aQUEST : _bA COMPREHENSIVE GUIDE TO UG PHYSIOLOGY/ _cBy PARIKSHIT MULLICK [and} MANDRITA CHATTERJEE) |
||
| 250 | _a3 | ||
| 260 |
_bAcademic Publishers _c2024 _aKolkata |
||
| 270 |
_a5A, Bhawani Dutta Lane _bKolkata _e700073 |
||
| 300 |
_a507p. _c24cm(pb) |
||
| 942 |
_2ddc _cEN _h613.7 _mMUL |
||
| 999 |
_c206559 _d206559 |
||